|
|
|
|
| LEADER |
00000naa0a2200000 4500 |
| 001 |
636226 |
| 005 |
20250917142555.0 |
| 035 |
|
|
|a (RuTPU)RU\TPU\network\112
|
| 090 |
|
|
|a 636226
|
| 100 |
|
|
|a 20131016d2010 k y0rusy50 ca
|
| 101 |
0 |
|
|a rus
|
| 102 |
|
|
|a RU
|
| 135 |
|
|
|a drcn ---uucaa
|
| 181 |
|
0 |
|a i
|
| 182 |
|
0 |
|a b
|
| 200 |
1 |
|
|a Беспроводная система контроля параметров дистанционно распределенных сооружений
|f В. А. Онуфриев, А. С. Удод
|
| 203 |
|
|
|a Текст
|c электронный
|
| 300 |
|
|
|a Заглавие с экрана
|
| 461 |
|
1 |
|t Научная сессия ТУСУР-2010
|o материалы докладов Всероссийской научно-технической конференции студентов, аспирантов и молодых ученых, 4–7 мая 2010 г., г. Томск
|o в 5 ч.
|f Томский государственный университет систем управления и радиоэлектроники (ТУСУР)
|d 2010
|
| 463 |
|
1 |
|t Ч. 2
|v [С. 170-173]
|d 2010
|
| 610 |
1 |
|
|a труды учёных ТПУ
|
| 610 |
1 |
|
|a электронный ресурс
|
| 610 |
1 |
|
|a контроль
|
| 610 |
1 |
|
|a беспроводные системы
|
| 610 |
1 |
|
|a дистанционное управление
|
| 610 |
1 |
|
|a дистанционные датчики
|
| 700 |
|
1 |
|a Онуфриев
|b В. А.
|c специалист в области информатики и вычислительной техники
|c инженер-электроник Томского политехнического университета
|g Вадим Александрович
|3 (RuTPU)RU\TPU\pers\30850
|
| 701 |
|
1 |
|a Удод
|b А. С.
|
| 801 |
|
2 |
|a RU
|b 63413507
|c 20170525
|g RCR
|
| 856 |
4 |
|
|u https://storage.tusur.ru/files/43215/2010_2.pdf#page=170
|z https://storage.tusur.ru/files/43215/2010_2.pdf#page=170
|
| 942 |
|
|
|c CF
|